Normal view
MARC view
- Brady, Kristyn.
Entry Personal Name
001 - CONTROL NUMBER
- control field: 33270
003 - CONTROL NUMBER IDENTIFIER
- control field: OSt
005 - DATE AND TIME OF LATEST TRANSACTION
- control field: 20181213152832.0
008 - FIXED-LENGTH DATA ELEMENTS
- fixed length control field: 181213|| aca||aabn | a|a d
040 ## - CATALOGING SOURCE
- Original cataloging agency: OSt
- Transcribing agency: OSt
100 ## - HEADING--PERSONAL NAME
- Personal name: Brady, Kristyn.
670 ## - SOURCE DATA FOUND
- Source citation: Work cat.: (OSt): Brady, Kristyn., Breaking bad biases:
